000 01435nam a2200241Ia 4500
999 _c51965
_d51965
001 18966
003 GE_BSU
005 20210415114202.0
008 181216s2013||||ge |||||||||||||| ||geo||
040 _cGE_BSU
041 _ageo
080 _a81 ა-14
100 _aაბაშიძე, მედეა
_911368
245 _aინტერპერსონალური კომუნიკაციის ლინგვოპრაგმატიკა საზღვაო-საურთიერთო პრაქტიკაში /
_cმედეა აბაშიძე; მეცნ. ხელმძღვ. დ. გოცირიძე; ბათუმის შოთა რუსთაველის სახ-ფო უნ-ტი.
264 _aბათუმი;
_c2013.
300 _a142 გვ.
_b30 სმ.
653 _aდისერტაცია
653 _aინტერპერსონალური კომუნიკაციის ლინგვოპრაგმატიკა საზღვაო-საურთიერთო პრაქტიკაში
653 _aლიტმცოდნეობა
700 _aგოცირიძე, დ.
_eსამეცნიერო ხელმძღვანელი
_910308
710 _aბათუმის შოთა რუსთაველის სახ-ფო უნ-ტი
_911369
942 _cBK
_2udc